[Event "Toronto NAYCC U18"]
[Site "Toronto"]
[Date "2013.08.18"]
[Round "8"]
[White "Florea, Alexandru"]
[Black "Nasir, Pi"]
[Result "1/2-1/2"]
[WhiteElo "2122"]
[BlackElo "1947"]
[PlyCount "104"]
[EventDate "2013.08.14"]
[EventType "swiss"]
[EventRounds "9"]
[EventCountry "CAN"]
[SourceTitle "EXT 2022"]
[Source "ChessBase"]
[SourceDate "2021.10.06"]
[SourceVersion "1"]
[SourceVersionDate "2021.10.06"]
[SourceQuality "1"]

1. e4 e6 2. d4 d5 3. Nc3 Bb4 4. Bd3 dxe4 5. Bxe4 Nf6 6. Bf3 c5 7. Nge2 Nc6 8. Be3 0-0 9. 0-0 cxd4 10. Nxd4 Ne5 11. Ne4 Nxf3+ 12. Qxf3 Nxe4 13. Qxe4 Qd5 14. Qxd5 exd5 15. c3 Bc5 16. Nc2 Be7 17. Rfe1 Be6 18. Nd4 Bf6 19. Ne2 b5 20. Nf4 b4 21. Nxe6 fxe6 22. Bd4 Kf7 23. Rac1 bxc3 24. Bxf6 gxf6 25. Rxc3 Rfc8 26. Rh3 Rh8 27. f4 Rac8 28. Ra3 Rc7 29. Ra6 Re8 30. Kf2 Ree7 31. Kf3 Rc4 32. Rd6 f5 33. Re2 h5 34. g3 Rc8 35. Re3 Kf6 36. Re2 Rcc7 37. Rd2 Kf7 38. Re2 Rc8 39. Re3 h4 40. Re2 Rb8 41. g4 fxg4+ 42. Kxg4 Rg8+ 43. Kf3 h3 44. f5 exf5 45. Rxe7+ Kxe7 46. Rxd5 Ke6 47. Rd2 Rg7 48. Re2+ Kf6 49. Rc2 Ke5 50. Re2+ Kf6 51. Rc2 Ke6 52. Re2+ Kf6 1/2-1/2

[Event "Toronto NAYCC U18"]
[Site "Toronto"]
[Date "2013.08.15"]
[Round "3"]
[White "Qin, Zi Yi"]
[Black "Florea, Alexandru"]
[Result "1-0"]
[WhiteElo "2460"]
[BlackElo "2122"]
[PlyCount "81"]
[EventDate "2013.08.14"]
[EventType "swiss"]
[EventRounds "9"]
[EventCountry "CAN"]
[SourceTitle "EXT 2022"]
[Source "ChessBase"]
[SourceDate "2021.10.06"]
[SourceVersion "1"]
[SourceVersionDate "2021.10.06"]
[SourceQuality "1"]

1. e4 c5 2. Nf3 d6 3. g3 Nf6 4. d3 g6 5. Bg2 Bg7 6. 0-0 0-0 7. h3 Qc7 8. Nc3 Bd7 9. Re1 Bc6 10. d4 cxd4 11. Nxd4 Nbd7 12. Nd5 Bxd5 13. exd5 Nb6 14. Nb5 Qd7 15. Nc3 Rac8 16. Rb1 Rfe8 17. Be3 Nc4 18. Bd4 Nh5 19. Re4 Bh6 20. Re2 Ng7 21. Ne4 Nf5 22. Bc3 Bg7 23. Bxg7 Kxg7 24. g4 Nh4 25. Qd4+ Kg8 26. f4 f5 27. Ng5 Qb5 28. Ne6 Qb6 29. Bh1 Qxd4+ 30. Nxd4 h6 31. b3 Nb6 32. c4 Kf7 33. Kh2 fxg4 34. hxg4 g5 35. fxg5 hxg5 36. Rf1+ Kg7 37. Be4 Nd7 38. Bf5 Ne5 39. Bxc8 Rxc8 40. Kg3 b5 41. Nxb5 1-0

[Event "CAN-ch U18"]
[Site "Ottawa"]
[Date "2013.07.11"]
[Round "3"]
[White "Florea, Alexandru"]
[Black "Kraiouchkine, Nikita"]
[Result "0-1"]
[WhiteElo "2334"]
[BlackElo "2117"]
[PlyCount "82"]
[EventDate "2013.07.10"]
[EventType "swiss"]
[EventRounds "6"]
[EventCountry "CAN"]
[SourceTitle "EXT 2022"]
[Source "ChessBase"]
[SourceDate "2021.10.06"]
[SourceVersion "1"]
[SourceVersionDate "2021.10.06"]
[SourceQuality "1"]

1. Nf3 d5 2. b3 Nf6 3. Bb2 c6 4. e3 Bf5 5. Be2 h6 6. 0-0 Nbd7 7. Nd4 Bh7 8. f4 c5 9. Nf3 e6 10. Ne5 Be7 11. Bb5 0-0 12. Bxd7 Nxd7 13. Nxd7 Qxd7 14. d3 b5 15. Qg4 f6 16. Nd2 Rfc8 17. e4 c4 18. dxc4 bxc4 19. bxc4 dxe4 20. Rad1 Qc6 21. Nb3 Bf5 22. Qg3 Qxc4 23. Rd7 Rc7 24. Rfd1 Qxc2 25. R7d2 Qc6 26. Kh1 Qa4 27. h3 Rb8 28. Kh2 Qe8 29. Nd4 Qf7 30. Ba1 Kh7 31. Qe3 Bc5 32. g4 Bg6 33. h4 Kh8 34. h5 Bh7 35. Qg3 Rd8 36. Qh3 Rcd7 37. f5 e5 38. Nb3 Rxd2+ 39. Rxd2 Rxd2+ 40. Nxd2 Qxa2 41. Bc3 e3 0-1

[Event "CAN-ch U18"]
[Site "Ottawa"]
[Date "2013.07.10"]
[Round "2"]
[White "Florea, Alexandru"]
[Black "Marinkovic, Mate"]
[Result "1/2-1/2"]
[WhiteElo "2117"]
[BlackElo "2231"]
[PlyCount "97"]
[EventDate "2013.07.10"]
[EventType "swiss"]
[EventRounds "6"]
[EventCountry "CAN"]
[SourceTitle "EXT 2022"]
[Source "ChessBase"]
[SourceDate "2021.10.06"]
[SourceVersion "1"]
[SourceVersionDate "2021.10.06"]
[SourceQuality "1"]

1. e4 c5 2. Nf3 e6 3. b3 Nc6 4. Bb2 d6 5. c3 Nf6 6. Bd3 d5 7. Qe2 dxe4 8. Bxe4 Nxe4 9. Qxe4 Be7 10. Na3 0-0 11. Nc2 f5 12. Qe2 Bf6 13. 0-0-0 Qa5 14. Kb1 e5 15. d4 e4 16. Nd2 cxd4 17. cxd4 Re8 18. Nc4 Qc7 19. d5 Bxb2 20. dxc6 Bf6 21. Nd6 Rd8 22. Qc4+ Kf8 23. cxb7 Qxc4 24. bxc4 Rb8 25. c5 Bxb7 26. Kc1 Ba6 27. Nd4 Rxd6 28. cxd6 Rc8+ 29. Kb1 Bd3+ 30. Rxd3 exd3 31. Nxf5 Rc2 32. Rd1 Rb2+ 33. Kc1 Rc2+ 34. Kb1 Rxf2 35. Ne3 Rb2+ 36. Kc1 Rxa2 37. Rxd3 Ke8 38. d7+ Kd8 39. Nd5 Rxg2 40. Nb4 Rxh2 41. Nc6+ Kc7 42. d8Q+ Bxd8 43. Nxd8 Kb6 44. Rb3+ Kc5 45. Ne6+ Kc4 46. Ra3 g6 47. Rxa7 h5 48. Rc7+ Kb4 49. Nf4 1/2-1/2

[Event "Wch U16"]
[Site "Maribor"]
[Date "2012.11.17"]
[Round "10.31"]
[White "Florea, Alexandru"]
[Black "Nuri, Murad Kamil Oglu"]
[Result "0-1"]
[WhiteElo "2013"]
[BlackElo "2145"]
[PlyCount "48"]
[EventDate "2012.11.08"]
[EventType "swiss"]
[EventRounds "11"]
[EventCountry "SLO"]
[SourceTitle "EXT 2013"]
[Source "ChessBase"]
[SourceDate "2012.11.22"]
[SourceVersion "1"]
[SourceVersionDate "2012.11.22"]
[SourceQuality "1"]

1. e4 c5 2. b3 Nc6 3. Bb2 Nf6 4. Nc3 e6 5. Nf3 d5 6. exd5 exd5 7. d4 cxd4 8. Nxd4 Bc5 9. Nxc6 bxc6 10. Be2 0-0 11. 0-0 Bb6 12. Bf3 Qd6 13. a4 Re8 14. Qd2 Ng4 15. g3 Ne5 16. Bg2 Bg4 17. a5 Bc7 18. Qd4 Qg6 19. f4 Nd7 20. Bxd5 cxd5 21. Nxd5 Bd6 22. f5 Bxf5 23. Rxf5 Bc5 24. Nf6+ Qxf6 0-1

[Event "Wch U16"]
[Site "Maribor"]
[Date "2012.11.08"]
[Round "1.17"]
[White "Beradze, Irakli"]
[Black "Florea, Alexandru"]
[Result "1-0"]
[WhiteElo "2327"]
[BlackElo "2013"]
[PlyCount "47"]
[EventDate "2012.11.08"]
[EventType "swiss"]
[EventRounds "11"]
[EventCountry "SLO"]
[SourceTitle "EXT 2013"]
[Source "ChessBase"]
[SourceDate "2012.11.22"]
[SourceVersion "1"]
[SourceVersionDate "2012.11.22"]
[SourceQuality "1"]

1. e4 c5 2. Nf3 d6 3. d4 cxd4 4. Qxd4 Nf6 5. Nc3 Nc6 6. Bb5 Bd7 7. Bxc6 Bxc6 8. Bg5 Qb6 9. Qxb6 axb6 10. Nd2 Nd7 11. f3 h6 12. Be3 g5 13. Bd4 Rg8 14. Kf2 g4 15. a4 gxf3 16. gxf3 Ra5 17. b4 Rag5 18. b5 Rg2+ 19. Ke1 e5 20. Be3 d5 21. exd5 Bb4 22. dxc6 Nc5 23. cxb7 Nxb7 24. Nce4 1-0

[Event "CAN-ch U16"]
[Site "Vancouver"]
[Date "2012.07.06"]
[Round "7"]
[White "Florea, Alexandru"]
[Black "Li, Kevin"]
[Result "1/2-1/2"]
[WhiteElo "2033"]
[BlackElo "2232"]
[PlyCount "63"]
[EventDate "2012.07.03"]
[EventType "swiss"]
[EventRounds "7"]
[EventCountry "CAN"]
[SourceTitle "EXT 2022"]
[Source "ChessBase"]
[SourceDate "2021.10.06"]
[SourceVersion "1"]
[SourceVersionDate "2021.10.06"]
[SourceQuality "1"]

1. e4 c5 2. Nc3 Nc6 3. g3 g6 4. Bg2 Bg7 5. d3 d6 6. Be3 Nf6 7. h3 0-0 8. Qd2 Bh8 9. Nge2 Bd7 10. 0-0 Ne8 11. f4 Nd4 12. Rae1 Rc8 13. Nd1 Qc7 14. c3 Nxe2+ 15. Rxe2 f5 16. exf5 gxf5 17. Rfe1 Bg7 18. Nf2 Nf6 19. c4 Nh5 20. Kh2 e5 21. Bd5+ Kh8 22. fxe5 Bxe5 23. Bf4 Nxf4 24. gxf4 Bf6 25. Nd1 Rce8 26. Rg2 Rxe1 27. Qxe1 Qc8 28. Nc3 b6 29. Qg3 Qd8 30. h4 Qe8 31. Kh3 Bd4 32. Re2 1/2-1/2

[Event "Canadian op 48th"]
[Site "Toronto"]
[Date "2011.07.16"]
[Round "8"]
[White "Reshef, Omer"]
[Black "Florea, Alexandru"]
[Result "1-0"]
[WhiteElo "2145"]
[BlackElo "2065"]
[PlyCount "95"]
[EventDate "2011.07.09"]
[EventType "swiss"]
[EventRounds "9"]
[EventCountry "CAN"]
[SourceTitle "EXT 2022"]
[Source "ChessBase"]
[SourceDate "2021.10.06"]
[SourceVersion "1"]
[SourceVersionDate "2021.10.06"]
[SourceQuality "1"]

1. e4 c5 2. Nf3 d6 3. d4 cxd4 4. Nxd4 Nf6 5. Nc3 g6 6. Be3 Bg7 7. f3 0-0 8. Qd2 Nc6 9. g4 h5 10. h3 d5 11. g5 Nh7 12. 0-0-0 dxe4 13. Nxc6 Qxd2+ 14. Rxd2 bxc6 15. Nxe4 Be6 16. Bc5 Rfe8 17. Ba6 f5 18. gxf6 exf6 19. Kb1 Bd5 20. c4 Bxe4+ 21. fxe4 Ng5 22. Rd7 Nxe4 23. Bxa7 f5 24. c5 Nxc5 25. Bc4+ Ne6 26. Re1 Kh8 27. Rxe6 Rxe6 28. Bxe6 Re8 29. Bf7 Re2 30. Bd4 Bxd4 31. Rxd4 Kg7 32. Bc4 Re7 33. a4 g5 34. Bd3 f4 35. Re4 Rd7 36. Kc2 Kf6 37. Be2 Kf5 38. Rc4 g4 39. hxg4+ hxg4 40. Rc5+ Rd5 41. Rxd5+ cxd5 42. Bd3+ Ke5 43. Kd2 f3 44. a5 Kf4 45. a6 g3 46. a7 g2 47. a8Q g1Q 48. Qb8+ 1-0

[Event "Canadian op 48th"]
[Site "Toronto"]
[Date "2011.07.14"]
[Round "6"]
[White "Pitre, Ron"]
[Black "Florea, Alexandru"]
[Result "1/2-1/2"]
[WhiteElo "2190"]
[BlackElo "2065"]
[PlyCount "56"]
[EventDate "2011.07.09"]
[EventType "swiss"]
[EventRounds "9"]
[EventCountry "CAN"]
[SourceTitle "EXT 2022"]
[Source "ChessBase"]
[SourceDate "2021.10.06"]
[SourceVersion "1"]
[SourceVersionDate "2021.10.06"]
[SourceQuality "1"]

1. e4 c5 2. b3 Nc6 3. Bb2 e6 4. Nc3 Nf6 5. f4 d5 6. e5 Nd7 7. Nf3 a6 8. Be2 b5 9. 0-0 Be7 10. Qe1 0-0 11. Qg3 f6 12. a3 fxe5 13. fxe5 Qe8 14. Rae1 c4 15. d4 cxd3 16. cxd3 b4 17. axb4 Nxb4 18. Rc1 Nc5 19. Nd2 Rxf1+ 20. Rxf1 Bd7 21. d4 Nb7 22. Qh3 Rc8 23. Nf3 Qg6 24. Ne1 Qh6 25. Qxh6 gxh6 26. Rf3 Na5 27. Rg3+ Kh8 28. Rf3 Kg7 1/2-1/2

[Event "Toronto-ch Reserves"]
[Site "Toronto"]
[Date "2010.03.09"]
[Round "7"]
[White "Chernik, Dmitry"]
[Black "Florea, Alexandru"]
[Result "1/2-1/2"]
[WhiteElo "1801"]
[BlackElo "2035"]
[PlyCount "53"]
[EventDate "2010.01.26"]
[EventType "tourn"]
[EventRounds "7"]
[EventCountry "CAN"]
[SourceTitle "EXT 2022"]
[Source "ChessBase"]
[SourceDate "2021.10.06"]
[SourceVersion "1"]
[SourceVersionDate "2021.10.06"]
[SourceQuality "1"]

1. e4 c5 2. Nf3 d6 3. d4 cxd4 4. Nxd4 Nf6 5. Nc3 g6 6. Be3 Bg7 7. f3 0-0 8. Qd2 Nc6 9. 0-0-0 d5 10. Nxd5 Nxd5 11. Nxc6 bxc6 12. exd5 cxd5 13. Qxd5 Qc7 14. Qxa8 Bf5 15. Qxf8+ Kxf8 16. Rd2 Qb8 17. Bc4 Bxb2+ 18. Kd1 Kg7 19. Bb3 Bc3 20. Bd4+ Bxd4 21. Rxd4 Qe5 22. c3 Qe3 23. Re1 Qxc3 24. Rd2 Bd3 25. Rxd3 Qxd3+ 26. Kc1 Qc3+ 27. Kd1 1/2-1/2

[Event "Toronto-B2"]
[Site "Toronto"]
[Date "2009.03.17"]
[Round "8"]
[White "Florea, Alexandru"]
[Black "Ferreira, Alex"]
[Result "1/2-1/2"]
[WhiteElo "1885"]
[BlackElo "2062"]
[PlyCount "143"]
[EventDate "2009.01.27"]
[EventType "tourn"]
[EventRounds "9"]
[EventCountry "CAN"]
[SourceTitle "EXT 2011"]
[Source "ChessBase"]
[SourceDate "2010.11.26"]
[SourceVersion "1"]
[SourceVersionDate "2010.11.26"]
[SourceQuality "1"]

1. e4 d5 2. exd5 Nf6 3. d4 Nxd5 4. g3 Bf5 5. c3 c6 6. Bg2 e6 7. Ne2 Nd7 8. 0-0 Be7 9. Nf4 N7b6 10. Re1 0-0 11. Qf3 Bg5 12. Nxd5 cxd5 13. Na3 a6 14. Bxg5 Qxg5 15. Qe3 Qxe3 16. fxe3 Rac8 17. e4 dxe4 18. Bxe4 Bxe4 19. Rxe4 Nc4 20. Nxc4 Rxc4 21. Re5 b5 22. a3 g6 23. Rd1 Rd8 24. d5 Rc5 25. Kf2 exd5 26. Ke3 d4+ 27. Ke4 Rxe5+ 28. Kxe5 Re8+ 29. Kf4 dxc3 30. bxc3 Re6 31. h4 h5 32. Kf3 Kf8 33. Rd4 Ke7 34. c4 Rc6 35. cxb5 Rc3+ 36. Kf4 axb5 37. a4 bxa4 38. Rxa4 Rc6 39. Rb4 Rf6+ 40. Ke3 Rf5 41. Rb6 Rf6 42. Rb7+ Kf8 43. Rb5 Kg7 44. Rb7 Kh6 45. Rb8 Rf5 46. Rh8+ Kg7 47. Ra8 g5 48. hxg5 Rxg5 49. Kf4 Rb5 50. Ra4 Kg6 51. Kf3 Kg5 52. Kg2 Rf5 53. Rb4 f6 54. Ra4 Rb5 55. Rc4 Kf5 56. Ra4 Rd5 57. Rb4 Ke5 58. Rh4 Kd6 59. Ra4 Re5 60. Kh3 Kd5 61. Kg2 Rg5 62. Kh3 Ke5 63. Rf4 Ke6 64. Kh4 Kf7 65. g4 hxg4 66. Rxg4 Rf5 67. Ra4 Kg6 68. Kg4 Rf1 69. Ra6 Rb1 70. Ra5 Rb4+ 71. Kf3 Rc4 72. Kg3 1/2-1/2

[Event "Toronto-B2"]
[Site "Toronto"]
[Date "2009.03.03"]
[Round "6"]
[White "Florea, Alexandru"]
[Black "Stein, Mickey"]
[Result "1-0"]
[WhiteElo "1885"]
[BlackElo "1957"]
[PlyCount "97"]
[EventDate "2009.01.27"]
[EventType "tourn"]
[EventRounds "9"]
[EventCountry "CAN"]
[SourceTitle "EXT 2011"]
[Source "ChessBase"]
[SourceDate "2010.11.26"]
[SourceVersion "1"]
[SourceVersionDate "2010.11.26"]
[SourceQuality "1"]

1. e4 e6 2. d4 d5 3. Nc3 Nf6 4. Bg5 Bb4 5. e5 h6 6. exf6 hxg5 7. fxg7 Rg8 8. Nf3 Qf6 9. Be2 Qxg7 10. 0-0 a6 11. Re1 Nc6 12. Ne5 Nxe5 13. dxe5 Bd7 14. Bg4 0-0-0 15. Qd3 f5 16. exf6 Qxf6 17. Rad1 Bd6 18. Qe3 Kb8 19. h3 Rgf8 20. Qf3 Bb4 21. Qe3 Ba5 22. Bxe6 Bxe6 23. Qxe6 Qxf2+ 24. Kh1 c6 25. Qe2 Qh4 26. Rf1 Rh8 27. Qf2 Qh6 28. Qf6 g4 29. Qxh6 Rxh6 30. Rd3 gxh3 31. gxh3 Re8 32. Kg2 Bc7 33. Rh1 b5 34. a3 Rg8+ 35. Kf2 Bb6+ 36. Ke1 Re6+ 37. Kd1 d4 38. Ne2 c5 39. h4 c4 40. Rf3 Re4 41. h5 Rh8 42. h6 Re6 43. h7 Re7 44. Rfh3 Rf7 45. Rh4 Kc7 46. Nf4 d3 47. Ng6 dxc2+ 48. Kxc2 Rf2+ 49. Kb1 1-0

[Event "Toronto-B2"]
[Site "Toronto"]
[Date "2009.02.03"]
[Round "2"]
[White "Florea, Alexandru"]
[Black "Orlova, Yelizaveta"]
[Result "1-0"]
[WhiteElo "1885"]
[BlackElo "1993"]
[PlyCount "69"]
[EventDate "2009.01.27"]
[EventType "tourn"]
[EventRounds "9"]
[EventCountry "CAN"]
[SourceTitle "EXT 2011"]
[Source "ChessBase"]
[SourceDate "2010.11.26"]
[SourceVersion "1"]
[SourceVersionDate "2010.11.26"]
[SourceQuality "1"]

1. e4 c5 2. f4 g6 3. Nf3 Bg7 4. g3 Nc6 5. Bg2 d6 6. 0-0 Nf6 7. Nc3 0-0 8. d3 Bg4 9. h3 Bxf3 10. Bxf3 Ne8 11. Be3 Nc7 12. a4 Ne6 13. g4 Rc8 14. f5 Ned4 15. Bg2 Qb6 16. Rb1 Nb4 17. Rf2 c4 18. Nb5 cxd3 19. c3 Nbc2 20. Bxd4 Nxd4 21. Nxd4 Bxd4 22. cxd4 Qxd4 23. Kf1 d5 24. exd5 Rc4 25. Rf3 Rfc8 26. Rxd3 Qf4+ 27. Rf3 Qg5 28. Rc3 Qf4+ 29. Qf3 Qg5 30. Kg1 Qd2 31. Rxc4 Rxc4 32. fxg6 hxg6 33. Rf1 f6 34. d6 Qd4+ 35. Kh1 1-0

[Event "Toronto-B2"]
[Site "Toronto"]
[Date "2009.01.27"]
[Round "1"]
[White "Chichkina, Olya"]
[Black "Florea, Alexandru"]
[Result "1/2-1/2"]
[WhiteElo "1909"]
[BlackElo "1885"]
[PlyCount "102"]
[EventDate "2009.01.27"]
[EventType "tourn"]
[EventRounds "9"]
[EventCountry "CAN"]
[SourceTitle "EXT 2011"]
[Source "ChessBase"]
[SourceDate "2010.11.26"]
[SourceVersion "1"]
[SourceVersionDate "2010.11.26"]
[SourceQuality "1"]

1. e4 c5 2. Nf3 d6 3. d4 cxd4 4. Nxd4 Nf6 5. Nc3 g6 6. Bc4 Bg7 7. 0-0 0-0 8. Bb3 a6 9. f3 b5 10. Be3 Bb7 11. Qd2 Nbd7 12. a3 Rc8 13. Rac1 Qc7 14. Kh1 Nc5 15. Ba2 Rfd8 16. Bh6 d5 17. Bxg7 Kxg7 18. exd5 Nxd5 19. b4 Ne6 20. Nxd5 Bxd5 21. Bxd5 Rxd5 22. Nxe6+ fxe6 23. Qe3 Re5 24. Qd4 Qd6 25. Qb2 Kf7 26. Rfe1 Rxe1+ 27. Rxe1 Qd5 28. c3 Qd3 29. Rc1 Rc4 30. h3 Kg8 31. Kg1 e5 32. Qc2 Qxc2 33. Rxc2 Kf7 34. Kf2 Kf6 35. Ke3 h5 36. Kd3 Kf5 37. Re2 Rc8 38. Re4 Rd8+ 39. Kc2 g5 40. c4 Ke6 41. c5 Kd5 42. Kd3 Ke6+ 43. Ke2 Kf6 44. Re3 Rc8 45. Rd3 Ke6 46. Ke3 Rf8 47. g3 h4 48. g4 Rc8 49. Rc3 Kd5 50. Rd3+ Ke6 51. Ke4 Rf8 1/2-1/2

[Event "Toronto Hart House Holidays op"]
[Site "Toronto"]
[Date "2008.12.20"]
[Round "3"]
[White "Hambleton, Aman"]
[Black "Florea, Alexandru"]
[Result "1-0"]
[WhiteElo "2140"]
[BlackElo "1868"]
[PlyCount "101"]
[EventDate "2008.12.19"]
[EventType "swiss"]
[EventRounds "5"]
[EventCountry "CAN"]
[SourceTitle "EXT 2011"]
[Source "ChessBase"]
[SourceDate "2010.11.26"]
[SourceVersion "1"]
[SourceVersionDate "2010.11.26"]
[SourceQuality "1"]

1. d4 Nf6 2. c4 e6 3. Nf3 d5 4. Nc3 Be7 5. Bf4 0-0 6. e3 c5 7. Rc1 Nc6 8. a3 cxd4 9. Nxd4 Nxd4 10. Qxd4 dxc4 11. Qxd8 Rxd8 12. Bxc4 b6 13. f3 Bb7 14. Ke2 Rac8 15. Nb5 Ba6 16. a4 Rc5 17. e4 Rdc8 18. b3 Bxb5 19. axb5 e5 20. Be3 R5c7 21. Ra1 Kf8 22. Ra2 Rb7 23. Rha1 Rcc7 24. g4 Bc5 25. g5 Bxe3 26. Kxe3 Nh5 27. Bd5 Rc3+ 28. Kf2 Rbc7 29. Rxa7 Rc2+ 30. Ke1 Rxh2 31. Rxc7 Rh1+ 32. Kd2 Rxa1 33. Rxf7+ Ke8 34. Rb7 Ra2+ 35. Kc3 Nf4 36. Bc6+ Kd8 37. Rxb6 Ne6 38. Rb8+ Kc7 39. Rb7+ Kc8 40. Re7 Nd4 41. Rxe5 Nxf3 42. Re8+ Kc7 43. e5 Nxg5 44. Re7+ Kd8 45. Rd7+ Kc8 46. b6 Ne4+ 47. Kb4 Rd2 48. Rc7+ Kb8 49. Bxe4 h5 50. e6 Re2 51. Rc4 1-0

[Event "CAN-ch U12"]
[Site "Ottawa"]
[Date "2007.07.03"]
[Round "2"]
[White "Florea, Alexandru"]
[Black "Qin, Zi Yi"]
[Result "1/2-1/2"]
[WhiteElo "1781"]
[BlackElo "2089"]
[PlyCount "149"]
[EventDate "2007.07.03"]
[EventType "swiss"]
[EventRounds "7"]
[EventCountry "CAN"]
[SourceTitle "EXT 2022"]
[Source "ChessBase"]
[SourceDate "2021.10.06"]
[SourceVersion "1"]
[SourceVersionDate "2021.10.06"]
[SourceQuality "1"]

1. e4 c5 2. f4 Nc6 3. Nf3 g6 4. g3 Bg7 5. Bg2 d6 6. 0-0 e6 7. Nc3 Nge7 8. d3 0-0 9. Re1 Nd4 10. e5 Nxf3+ 11. Bxf3 d5 12. Kh1 Bd7 13. Bd2 b5 14. a3 a5 15. Ne2 b4 16. axb4 axb4 17. Rxa8 Qxa8 18. d4 Qc6 19. Be3 c4 20. Qd2 Rb8 21. Ra1 Qb7 22. b3 c3 23. Qc1 Ra8 24. Qb1 Bb5 25. Ra2 Nc6 26. Qa1 Rxa2 27. Qxa2 Qa6 28. Qxa6 Bxa6 29. Nc1 Bf8 30. Kg2 Be7 31. h4 Bd8 32. Be2 Bxe2 33. Nxe2 Na7 34. Nc1 Nb5 35. Nd3 Ba5 36. Kf1 Na3 37. Ne1 Kf8 38. Ke2 Ke7 39. Kd3 h5 40. Nf3 Nb5 41. Nh2 Nc7 42. g4 hxg4 43. Nxg4 Ne8 44. Nh2 Ng7 45. Nf3 Nf5 46. Ke2 Kf8 47. Bf2 Kg7 48. Kd3 Bd8 49. Ng5 Ne7 50. Ke2 Nc6 51. Kd3 Nb8 52. Ke2 Be7 53. Kd3 Nc6 54. Ke2 Nd8 55. Kf3 Kh6 56. Kg4 Bxg5 57. hxg5+ Kg7 58. Kf3 Nc6 59. Ke2 Na7 60. Kf3 Nb5 61. Ke2 Kf8 62. Bg1 Na3 63. Kd3 Nb1 64. Be3 Na3 65. Bg1 Nb5 66. Ke2 Na7 67. Kf3 Nc6 68. Ke2 Ne7 69. Kf3 Nf5 70. Bf2 Kg8 71. Ke2 f6 72. exf6 Kf7 73. Kf3 Nd6 74. Be3 Ne4 75. Ke2 1/2-1/2

[Event "CAN-ch U10 playoff"]
[Site "Kitchener"]
[Date "2006.07.13"]
[Round "2"]
[White "Qin, Zi Yi"]
[Black "Florea, Alexandru"]
[Result "0-1"]
[WhiteElo "1780"]
[BlackElo "1705"]
[PlyCount "70"]
[EventDate "2006.07.10"]
[EventType "match"]
[EventRounds "2"]
[EventCountry "CAN"]
[SourceTitle "CBM 113 Extra"]
[Source "ChessBase"]
[SourceDate "2006.09.14"]
[SourceVersion "1"]
[SourceVersionDate "2006.09.14"]
[SourceQuality "1"]

1. d4 Nf6 2. c4 g6 3. Nc3 d5 4. c5 Bg7 5. Nf3 0-0 6. Bf4 Bf5 7. e3 c6 8. Bd3 Bxd3 9. Qxd3 Nbd7 10. 0-0 Nh5 11. Bg3 Nxg3 12. hxg3 Nf6 13. b4 Qc7 14. a4 Rab8 15. b5 Nd7 16. Rfb1 e5 17. Qe2 exd4 18. exd4 Rfe8 19. Qd3 Nf8 20. a5 Ne6 21. b6 axb6 22. axb6 Qd7 23. Ra7 Nf8 24. Ne2 Re4 25. Nc3 Ree8 26. Qc2 Qg4 27. Qa4 Nd7 28. Ra1 Qf5 29. Qd1 Nxc5 30. dxc5 Bxc3 31. R1a4 d4 32. Qb3 g5 33. Qa3 g4 34. Nh4 Qb1+ 35. Kh2 Re1 0-1

[Event "CAN-ch U10"]
[Site "Kitchener"]
[Date "2006.07.11"]
[Round "3"]
[White "Leu, Steven"]
[Black "Florea, Alexandru"]
[Result "0-1"]
[WhiteElo "1596"]
[BlackElo "1705"]
[PlyCount "152"]
[EventDate "2006.07.10"]
[EventType "swiss"]
[EventRounds "7"]
[EventCountry "CAN"]
[SourceTitle "CBM 113 Extra"]
[Source "ChessBase"]
[SourceDate "2006.09.14"]
[SourceVersion "1"]
[SourceVersionDate "2006.09.14"]
[SourceQuality "1"]

1. e4 e6 2. d4 d5 3. Nd2 c5 4. Ngf3 Nc6 5. dxc5 Bxc5 6. Bb5 Qb6 7. Bxc6+ bxc6 8. 0-0 Ba6 9. exd5 cxd5 10. c4 dxc4 11. Ne4 c3 12. Re1 Rd8 13. Qc2 Bd3 14. Qa4+ Bb5 15. Qc2 Ne7 16. Nxc5 Qxc5 17. Qxc3 Qxc3 18. bxc3 0-0 19. Ba3 Rfe8 20. Bxe7 Rxe7 21. Red1 Red7 22. Rxd7 Rxd7 23. Nd4 Rb7 24. Rb1 Ba6 25. Rxb7 Bxb7 26. h3 e5 27. Nb3 f6 28. Kf1 Kf7 29. g3 Bc8 30. h4 Ke6 31. Ke2 Kd5 32. Kd2 f5 33. f3 h6 34. Kd3 Ba6+ 35. Ke3 g5 36. hxg5 hxg5 37. Nd2 Bb5 38. a3 a6 39. g4 Bd7 40. gxf5 Bxf5 41. c4+ Kc5 42. Ne4+ Kxc4 43. Nxg5 Bg6 44. f4 exf4+ 45. Kxf4 Kb3 46. Nf3 Kxa3 47. Nd4 a5 48. Ke3 Kb2 49. Kd2 a4 50. Nb5 Be8 51. Nc3 a3 52. Nd1+ Kb3 53. Nc3 Bg6 54. Ne2 Kb2 55. Nc3 Bc2 56. Na2 Ba4 57. Nc1 Bb5 58. Kd1 Bc4 59. Kd2 Be2 60. Nxe2 a2 61. Ke3 a1Q 62. Nf4 Qa4 63. Nd5 Kb3 64. Nf4 Qc4 65. Ne2 Qg4 66. Nd4+ Kc4 67. Nf3 Kc3 68. Ne5 Qd4+ 69. Kf3 Qxe5 70. Kg4 Kd3 71. Kf3 Qe4+ 72. Kf2 Qe3+ 73. Kg2 Ke4 74. Kf1 Qd2 75. Kg1 Kf3 76. Kh1 Qg2# 0-1